00666nam a2200241 a 4500001001300000003000900013005001700022008004100039020001000080082001500090100001800105245002100123260003600144300000900180500003500189505001700224650002000241700001800261902000800279942000700287952011500294999001500409nice12345678IN_TiNIC20260116012035.0050524s1942 lona grp 000 0 eng  ac10000a289.5bFIS aFisher, H A L aOur New Religion aLondonbWatts and Companyc1942 a150p aincludes index and biblioraphy2 aBibliography aChristian-Sects1 aFisher, H A L bSRS cBK 001040708StackRoom-aHMIbHMId2007-07-19g100.00l0o289.5 FISp05520r2007-07-19v100.00w2005-05-24yBK c5386d5386